000 00567nmm a2200193Ia 4500
008 251105s9999||||xx |||||||||||||||||und||
020 _a9788418870156
041 _aspa
100 _aShannon, Samantha
245 0 _aLa era de huesos
264 _a[Madrid, España] :
_bRoca Editorial,
_c[Fecha de publicación no identificada]
300 _a0 páginas
490 _aNovela
650 _aScience fiction & Fantasy
700 _aShannon, Samantha
700 1 _a Rovira Ortega, Gemma
856 _uhttps://public.digitaliapublishing.com/a/124112
942 _cCF
999 _c71354
_d71354